000 00300nam a22001337a 4500
008 180921b xxu||||| |||| 00| 0 eng d
020 _a1576261344
041 _aeng
080 _a617
100 _a5
101 _aKIR
245 _aModern Anterior Scoliosis Surgery
_cLenke.LG
942 _2udc
_cBK
999 _c48181
_d48181